000
00266nam a22001097a 4500
082
_a
001
100
_a
Maheshwari,Mukesh
_9
81493
245
_a
Madhya Pradesh General Knowlwdge
260
_a
Indore MP
_b
Vaishnavi Prakashan
_c
2022
650
_a
Mp Gk
_9
81494
942
_c
BK
999
_c
65528
_d
65528